[Event "17. Obert Int. Sant Marti 2015 - B"]
[Site "Barcelona ESP"]
[Date "2015.07.13"]
[Round "1.23"]
[White "Ani, Virgil"]
[Black "Julia Yebra, David"]
[Result "0-1"]
[WhiteElo "1826"]
[BlackElo "2002"]
[PlyCount "124"]
[EventDate "2015.07.13"]
[EventType "swiss"]
[EventRounds "9"]
[EventCountry "ESP"]
[SourceTitle "Ajedrez en Madrid"]
[Source "lmi"]
[SourceDate "2015.07.13"]
[SourceVersion "1"]
[SourceVersionDate "2019.06.21"]
[SourceQuality "1"]

1. c4 d6 2. Nc3 Nf6 3. g3 c6 4. Bg2 e5 5. Nf3 Bg4 6. d3 Be7 7. O-O O-O 8. Re1
Nbd7 9. Qc2 Qc7 10. e4 Rac8 11. Be3 d5 12. exd5 cxd5 13. Nb5 Qa5 14. Bd2 Bb4
15. Bxb4 Qxb4 16. Qd2 Qc5 17. b4 Qb6 18. a4 dxc4 19. dxc4 a6 20. c5 Nxc5 21.
Nd6 Rcd8 22. bxc5 Qxc5 23. Nxb7 Rxd2 24. Nxc5 Rc2 25. Rac1 Ra2 26. Rxe5 Bc8 27.
Bf1 a5 28. Bb5 Bg4 29. Bc4 Ra3 30. Nd4 Bh3 31. Re3 Rxe3 32. fxe3 Ng4 33. e4 Ne5
34. Nd3 Nxd3 35. Bxd3 Rd8 36. Rc4 Bc8 37. Nc6 Rxd3 38. Ne7+ Kf8 39. Nxc8 Rd1+
40. Kg2 Rd2+ 41. Kf3 Rxh2 42. Rc5 Rd2 43. Rxa5 Rd3+ 44. Kg2 Rd2+ 45. Kh3 f6 46.
Rd5 Rc2 47. Nb6 g5 48. a5 h5 49. g4 Rc3+ 50. Kg2 Rc2+ 51. Kf3 Rc3+ 52. Ke2 h4
53. a6 Ra3 54. Nd7+ Ke7 55. Nc5 Ra2+ 56. Rd2 Ra5 57. Rd7+ Ke8 58. a7 Ra2+ 59.
Kf3 Ra3+ 60. Ke2 Ra2+ 61. Ke3 Ra3+ 62. Nd3 Kxd7 0-1

[Event "17. Obert Int. Sant Marti 2015 - B"]
[Site "Barcelona ESP"]
[Date "2015.07.13"]
[Round "1.24"]
[White "Valero Recalde, Pablo"]
[Black "Aparici Dealbert, Manel"]
[Result "0-1"]
[WhiteElo "1800"]
[BlackElo "1988"]
[PlyCount "86"]
[EventDate "2015.07.13"]
[EventType "swiss"]
[EventRounds "9"]
[EventCountry "ESP"]
[SourceTitle "Ajedrez en Madrid"]
[Source "lmi"]
[SourceDate "2015.07.13"]
[SourceVersion "1"]
[SourceVersionDate "2019.06.21"]
[SourceQuality "1"]

1. Nf3 d5 2. d4 Nf6 3. c4 c6 4. Nc3 Nbd7 5. Bf4 e6 6. c5 Be7 7. h3 b6 8. b4
bxc5 9. bxc5 Qa5 10. Bd2 Qc7 11. Qa4 Rb8 12. e3 Rb2 13. Bd3 O-O 14. Rb1 Rxb1+
15. Nxb1 Bd8 16. O-O e5 17. Ba6 Bxa6 18. Qxa6 e4 19. Ne5 Nxe5 20. dxe5 Nd7 21.
Qa3 Nxe5 22. Nc3 Nc4 23. Qc1 Bf6 24. f3 exf3 25. Rxf3 Nxd2 26. Qxd2 Qa5 27. e4
d4 28. Nb1 Qxc5 29. Qd3 Rb8 30. Rxf6 Rxb1+ 31. Qxb1 gxf6 32. Qb8+ Kg7 33. Qg3+
Qg5 34. Qd3 c5 35. Kf1 Qc1+ 36. Ke2 Qb2+ 37. Kf1 Qa1+ 38. Ke2 Qxa2+ 39. Kf1
Qa1+ 40. Kf2 Qb2+ 41. Kf1 Qc1+ 42. Ke2 a5 43. e5 Qe3+ 0-1

[Event "17. Obert Int. Sant Marti 2015 - B"]
[Site "Barcelona ESP"]
[Date "2015.07.13"]
[Round "1.25"]
[White "Ramos Alvarez, Maximo"]
[Black "Ylla Soro, Rafael"]
[Result "1/2-1/2"]
[WhiteElo "2002"]
[BlackElo "1811"]
[PlyCount "71"]
[EventDate "2015.07.13"]
[EventType "swiss"]
[EventRounds "9"]
[EventCountry "ESP"]
[SourceTitle "Ajedrez en Madrid"]
[Source "lmi"]
[SourceDate "2015.07.13"]
[SourceVersion "1"]
[SourceVersionDate "2019.06.21"]
[SourceQuality "1"]

1. d4 f5 2. Bg5 Nf6 3. Nc3 e6 4. f3 Be7 5. e4 fxe4 6. fxe4 O-O 7. Nf3 b6 8. Bd3
Bb7 9. Qe2 c5 10. dxc5 bxc5 11. O-O-O Nc6 12. Bc4 Qe8 13. e5 Nh5 14. Bxe7 Nxe7
15. Rhf1 Nf4 16. Qf2 Nfd5 17. Ne4 Nf5 18. Nxc5 Bc6 19. Rfe1 Qh5 20. h3 Qh6+ 21.
Kb1 Nde3 22. Be2 Nxd1 23. Rxd1 Rad8 24. Nb3 Qe3 25. Qe1 Bxf3 26. Bxf3 Qxe1 27.
Rxe1 Nh4 28. Be4 Rf2 29. g3 Nf3 30. Rd1 Nxe5 31. Nc5 g6 32. Nxe6 Re8 33. Nc7
Rc8 34. Nd5 Rc4 35. Nc3 Kf8 36. a3 1/2-1/2

[Event "17. Obert Int. Sant Marti 2015 - B"]
[Site "Barcelona ESP"]
[Date "2015.07.13"]
[Round "1.26"]
[White "Serentill Tost, Eduard"]
[Black "Sobrevia Castellar, Lluis"]
[Result "0-1"]
[WhiteElo "1808"]
[BlackElo "1999"]
[PlyCount "72"]
[EventDate "2015.07.13"]
[EventType "swiss"]
[EventRounds "9"]
[EventCountry "ESP"]
[SourceTitle "Ajedrez en Madrid"]
[Source "lmi"]
[SourceDate "2015.07.13"]
[SourceVersion "1"]
[SourceVersionDate "2019.06.21"]
[SourceQuality "1"]

1. e4 e6 2. d4 d5 3. Nc3 Nf6 4. Bg5 dxe4 5. Nxe4 Nbd7 6. Nf3 Be7 7. Nxf6+ Nxf6
8. Bd3 O-O 9. O-O b6 10. c3 Bb7 11. Qc2 g6 12. Nd2 Re8 13. Ne4 Nxe4 14. Bxe7
Qxe7 15. Bxe4 Bxe4 16. Qxe4 c5 17. Rfe1 cxd4 18. Qxd4 Rad8 19. Qg4 Rd2 20. Re2
Red8 21. Rae1 R8d5 22. Kf1 Qd6 23. g3 Rxe2 24. Rxe2 Rd1+ 25. Re1 Rd2 26. Re2
Qd3 27. Qe4 Qxe4 28. Rxe4 Rxb2 29. Ra4 a5 30. Kg2 Rc2 31. Ra3 Kg7 32. Kf3 f5
33. h4 Kf6 34. Ke3 Ke5 35. f4+ Kd5 36. Rb3 Kc6 0-1

[Event "17. Obert Int. Sant Marti 2015 - B"]
[Site "Barcelona ESP"]
[Date "2015.07.13"]
[Round "1.27"]
[White "Riera Danes, Manel"]
[Black "Cano Vila, Eduard"]
[Result "1/2-1/2"]
[WhiteElo "1996"]
[BlackElo "1804"]
[PlyCount "53"]
[EventDate "2015.07.13"]
[EventType "swiss"]
[EventRounds "9"]
[EventCountry "ESP"]
[SourceTitle "Ajedrez en Madrid"]
[Source "lmi"]
[SourceDate "2015.07.13"]
[SourceVersion "1"]
[SourceVersionDate "2019.06.21"]
[SourceQuality "1"]

1. d4 d5 2. c4 e6 3. Nf3 Nf6 4. Nc3 Be7 5. cxd5 exd5 6. Bg5 O-O 7. e3 Nc6 8. a3
Bf5 9. Bd3 Ne4 10. Bxe7 Nxe7 11. Qc2 Nxc3 12. Qxc3 Bxd3 13. Qxd3 Ng6 14. Rc1
Re8 15. Qb3 b6 16. O-O Qd6 17. Rfd1 Rac8 18. Qd3 c6 19. b4 b5 20. Rc5 Rc7 21.
Rdc1 Nf8 22. Qc2 Rec8 23. Rc3 Nd7 24. Nd2 a6 25. Nb3 Nb6 26. Na5 Nc4 27. g3
1/2-1/2

[Event "17. Obert Int. Sant Marti 2015 - B"]
[Site "Barcelona ESP"]
[Date "2015.07.13"]
[Round "1.28"]
[White "Collell Rodriguez, Victor"]
[Black "Vidal Moll, Francesc"]
[Result "1-0"]
[WhiteElo "1987"]
[BlackElo "1791"]
[PlyCount "47"]
[EventDate "2015.07.13"]
[EventType "swiss"]
[EventRounds "9"]
[EventCountry "ESP"]
[SourceTitle "Ajedrez en Madrid"]
[Source "lmi"]
[SourceDate "2015.07.13"]
[SourceVersion "1"]
[SourceVersionDate "2019.06.21"]
[SourceQuality "1"]

1. e4 e6 2. d3 d5 3. Nd2 dxe4 4. dxe4 Bd7 5. Ngf3 Bc6 6. Bd3 Nd7 7. Nb3 b6 8.
O-O Bd6 9. Re1 Ne5 10. Nxe5 Bxe5 11. f4 Bd6 12. e5 Be7 13. Qg4 g6 14. f5 gxf5
15. Qg7 Qd5 16. Re2 O-O-O 17. Qxh8 a5 18. Ba6+ Kb8 19. Rd2 Qe4 20. Rxd8+ Bxd8
21. Qxg8 Qe1+ 22. Bf1 Kc8 23. Qxd8+ Kb7 24. Bf4 1-0

[Event "17. Obert Int. Sant Marti 2015 - B"]
[Site "Barcelona ESP"]
[Date "2015.07.13"]
[Round "1.29"]
[White "Febrero Perez, Lluis"]
[Black "Catala Ulied, Bernat"]
[Result "1-0"]
[WhiteElo "1787"]
[BlackElo "1977"]
[PlyCount "55"]
[EventDate "2015.07.13"]
[EventType "swiss"]
[EventRounds "9"]
[EventCountry "ESP"]
[SourceTitle "Ajedrez en Madrid"]
[Source "lmi"]
[SourceDate "2015.07.13"]
[SourceVersion "1"]
[SourceVersionDate "2019.06.21"]
[SourceQuality "1"]

1. e4 c5 2. Nf3 d6 3. Bb5+ Bd7 4. Qe2 a6 5. Bxd7+ Qxd7 6. O-O g6 7. Na3 Bg7 8.
Nc4 Qc7 9. Rb1 b5 10. Ne3 Nf6 11. d3 O-O 12. Bd2 Nc6 13. c3 e6 14. Rfc1 Qd7 15.
b4 Rfd8 16. Ne1 cxb4 17. cxb4 d5 18. Ng4 Nxg4 19. Qxg4 dxe4 20. Qxe4 Ne5 21.
Rb3 Rac8 22. Rxc8 Rxc8 23. d4 Nc6 24. Be3 Nxd4 25. Bxd4 Qxd4 26. Qb7 Qc4 27.
Rd3 Qc6 28. Rd8+ 1-0

[Event "17. Obert Int. Sant Marti 2015 - B"]
[Site "Barcelona ESP"]
[Date "2015.07.13"]
[Round "1.30"]
[White "Torres Julian, Marc"]
[Black "Martinez Navarro, Miquel"]
[Result "1-0"]
[WhiteElo "1976"]
[BlackElo "1781"]
[PlyCount "87"]
[EventDate "2015.07.13"]
[EventType "swiss"]
[EventRounds "9"]
[EventCountry "ESP"]
[SourceTitle "Ajedrez en Madrid"]
[Source "lmi"]
[SourceDate "2015.07.13"]
[SourceVersion "1"]
[SourceVersionDate "2019.06.21"]
[SourceQuality "1"]

1. e4 e5 2. Nf3 d6 3. d4 exd4 4. Bc4 Be6 5. Bxe6 fxe6 6. Nxd4 Qd7 7. O-O Nf6 8.
Re1 e5 9. Nf3 Nc6 10. Nc3 O-O-O 11. Nd5 h6 12. c4 Nxd5 13. cxd5 Ne7 14. a4 g5
15. Be3 Kb8 16. b4 Rh7 17. b5 Nc8 18. Qb3 b6 19. a5 Qe8 20. axb6 cxb6 21. Rec1
Rdd7 22. Ne1 Rc7 23. Rc6 Rhd7 24. Nd3 Rxc6 25. bxc6 Rf7 26. Nb4 Qd8 27. Na6+
Ka8 28. Qb5 Bg7 29. c7 Qd7 30. Qb3 Kb7 31. Qc4 Bf6 32. h3 Rh7 33. Nb8 Qxc7 34.
Nc6 Rd7 35. Qa6+ Ka8 36. Nxa7 Nxa7 37. Bxb6 Qb7 38. Qb5 Qc8 39. Qa4 Qb7 40.
Bxa7 Qxa7 41. Qc6+ Rb7 42. Qe8+ Rb8 43. Rxa7+ Kxa7 44. Qf7+ 1-0

[Event "17. Obert Int. Sant Marti 2015 - B"]
[Site "Barcelona ESP"]
[Date "2015.07.13"]
[Round "1.31"]
[White "Hinarejos Montano, Andres"]
[Black "Salazar Navas, Josep"]
[Result "0-1"]
[WhiteElo "1854"]
[BlackElo "2024"]
[PlyCount "76"]
[EventDate "2015.07.13"]
[EventType "swiss"]
[EventRounds "9"]
[EventCountry "ESP"]
[SourceTitle "Ajedrez en Madrid"]
[Source "lmi"]
[SourceDate "2015.07.13"]
[SourceVersion "1"]
[SourceVersionDate "2019.06.21"]
[SourceQuality "1"]

1. d4 Nf6 2. Nf3 c5 3. c3 cxd4 4. cxd4 g6 5. e3 Bg7 6. Be2 O-O 7. O-O d6 8. Nc3
Nc6 9. Bd2 Bd7 10. a3 Rc8 11. h3 Na5 12. b3 Qb6 13. Rb1 a6 14. d5 Bf5 15. Na4
Qd8 16. Rc1 Nxd5 17. Rxc8 Bxc8 18. b4 Nc6 19. Qb3 Nb6 20. Nc3 Be6 21. Qd1 Nc4
22. Bxc4 Bxc4 23. Re1 Ne5 24. Nxe5 Bxe5 25. Ne2 Qd7 26. Bc1 Rc8 27. Nd4 b5 28.
Bb2 Bg7 29. Qa1 e5 30. Ne2 Be6 31. Kh2 Rc2 32. Qb1 Bf5 33. Qa1 Bd3 34. Nc1 Bc4
35. Kg1 Qf5 36. f3 Qg5 37. g4 Qh4 38. Ne2 Bxe2 0-1

[Event "17. Obert Int. Sant Marti 2015 - B"]
[Site "Barcelona ESP"]
[Date "2015.07.13"]
[Round "1.33"]
[White "Caro Martinez, Ramon"]
[Black "Borja Casas, Jordi"]
[Result "1-0"]
[WhiteElo "1969"]
[BlackElo "1764"]
[PlyCount "49"]
[EventDate "2015.07.13"]
[EventType "swiss"]
[EventRounds "9"]
[EventCountry "ESP"]
[SourceTitle "Ajedrez en Madrid"]
[Source "lmi"]
[SourceDate "2015.07.13"]
[SourceVersion "1"]
[SourceVersionDate "2019.06.21"]
[SourceQuality "1"]

1. e4 e6 2. Nf3 Nc6 3. d4 d5 4. e5 Bb4+ 5. c3 Ba5 6. Bb5 Nge7 7. Bg5 O-O 8.
Bxc6 bxc6 9. Qa4 Bb6 10. O-O Bb7 11. Qb4 Re8 12. Nbd2 a5 13. Qb3 Ba6 14. Rfe1
Qd7 15. Rad1 Nf5 16. Qc2 c5 17. Nb3 cxd4 18. Nbxd4 Nxd4 19. cxd4 Rac8 20. Qd2
c5 21. Bf6 Bd8 22. Qg5 Bxf6 23. exf6 g6 24. Qh6 Kh8 25. Qg7# 1-0

[Event "17. Obert Int. Sant Marti 2015 - B"]
[Site "Barcelona ESP"]
[Date "2015.07.13"]
[Round "1.34"]
[White "Palomero Galvez, Antoni"]
[Black "Brunet Gil, Pol"]
[Result "0-1"]
[WhiteElo "1762"]
[BlackElo "1967"]
[PlyCount "84"]
[EventDate "2015.07.13"]
[EventType "swiss"]
[EventRounds "9"]
[EventCountry "ESP"]
[SourceTitle "Ajedrez en Madrid"]
[Source "lmi"]
[SourceDate "2015.07.13"]
[SourceVersion "1"]
[SourceVersionDate "2019.06.21"]
[SourceQuality "1"]

1. d4 d5 2. Nf3 Nf6 3. e3 Bf5 4. Bd3 Bxd3 5. Qxd3 e6 6. Qb5+ Nbd7 7. Qxb7 c5 8.
c3 Be7 9. Nbd2 O-O 10. Qb3 Qc7 11. Qd1 Rfb8 12. O-O a5 13. Re1 Qc6 14. Nf1 Nb6
15. Ne5 Qb5 16. a4 Qe8 17. dxc5 Bxc5 18. b3 Ne4 19. Bb2 Nd7 20. f3 Nxe5 21.
fxe4 dxe4 22. Qh5 Nd3 23. Re2 Rxb3 24. Ra2 Rab8 25. Rd2 g6 26. Qe2 Qc6 27. Rc2
Qb6 28. Bc1 Rb1 29. Bd2 Rd8 30. g3 Rd5 31. g4 h5 32. c4 Rg5 33. h3 hxg4 34.
hxg4 Nf4 35. Qh2 Rxg4+ 36. Kf2 Rg2+ 37. Qxg2 Nxg2 38. Kxg2 Qd6 39. Bxa5 Qd1 40.
Rf2 Qg4+ 41. Kh2 Bd6+ 42. Kh1 Qh3+ 0-1

[Event "17. Obert Int. Sant Marti 2015 - B"]
[Site "Barcelona ESP"]
[Date "2015.07.13"]
[Round "1.35"]
[White "Gonzalez Jurado, Jesus"]
[Black "Buisan Arnau, Oriol"]
[Result "1-0"]
[WhiteElo "1966"]
[BlackElo "1756"]
[PlyCount "43"]
[EventDate "2015.07.13"]
[EventType "swiss"]
[EventRounds "9"]
[EventCountry "ESP"]
[SourceTitle "Ajedrez en Madrid"]
[Source "lmi"]
[SourceDate "2015.07.13"]
[SourceVersion "1"]
[SourceVersionDate "2019.06.21"]
[SourceQuality "1"]

1. c4 e5 2. Nc3 Nc6 3. e4 Bc5 4. Nge2 Nf6 5. h3 d6 6. d3 h6 7. Ng3 Nd4 8. Be2
Be6 9. O-O Qd7 10. Kh2 g5 11. Nd5 Bxd5 12. cxd5 Nxe2 13. Qxe2 O-O-O 14. Be3 Bd4
15. Bxd4 exd4 16. Nf5 Rdg8 17. Qd2 h5 18. Qb4 h4 19. Qxd4 Nh5 20. Qxa7 Kd8 21.
Qb8+ Qc8 22. Qxc8+ 1-0

[Event "17. Obert Int. Sant Marti 2015 - B"]
[Site "Barcelona ESP"]
[Date "2015.07.13"]
[Round "1.36"]
[White "Lopez Abaurrea, Eduard"]
[Black "Moysen Cortes, Jessica"]
[Result "1/2-1/2"]
[WhiteElo "1756"]
[BlackElo "1961"]
[PlyCount "137"]
[EventDate "2015.07.13"]
[EventType "swiss"]
[EventRounds "9"]
[EventCountry "ESP"]
[SourceTitle "Ajedrez en Madrid"]
[Source "lmi"]
[SourceDate "2015.07.13"]
[SourceVersion "1"]
[SourceVersionDate "2019.06.21"]
[SourceQuality "1"]

1. d4 Nf6 2. c4 d6 3. Nc3 Bf5 4. Bf4 Nbd7 5. h3 e5 6. dxe5 dxe5 7. Bh2 Bd6 8.
e3 Qe7 9. Bd3 e4 10. Bxd6 Qxd6 11. Bc2 Qb4 12. Bb3 Nc5 13. Rb1 O-O 14. Nge2
Nd3+ 15. Kf1 Rad8 16. Qc2 Nc5 17. Nd4 Bg6 18. g3 Nxb3 19. axb3 c5 20. Nde2 Qb6
21. Kg2 h6 22. Nf4 Bh7 23. Nfd5 Nxd5 24. Nxd5 Qe6 25. Qe2 Kh8 26. Rbd1 Qf5 27.
Rd2 Rd7 28. Rhd1 Rfd8 29. Rh1 f6 30. Rhd1 Bg8 31. Qg4 Qxg4 32. hxg4 Be6 33. f3
exf3+ 34. Kxf3 Bf7 35. e4 h5 36. Rh1 Kh7 37. Rhd1 hxg4+ 38. Ke3 Be6 39. Nf4
Rxd2 40. Rxd2 Rxd2 41. Kxd2 Bf7 42. Ke3 Kh6 43. Nd5 Kg5 44. Ne7 Be6 45. Nd5 Kh6
46. Kf4 g5+ 47. Ke3 Kg7 48. Kd3 Kf7 49. b4 cxb4 50. Nxb4 Kg6 51. c5 f5 52.
exf5+ Kxf5 53. Kd4 Bd7 54. Kd5 a5 55. Nc2 Bc6+ 56. Kd4 Ke6 57. Ne3 Bf3 58. Nc4
a4 59. Nd6 b6 60. Nc4 bxc5+ 61. Kxc5 Kf5 62. Kd4 Ke6 63. Nb6 Bd1 64. Nd5 Bf3
65. Ne3 Kd6 66. Kc3 Ke5 67. Kb4 Ke4 68. Nc4 Kd3 69. Ne5+ 1/2-1/2

[Event "17. Obert Int. Sant Marti 2015 - B"]
[Site "Barcelona ESP"]
[Date "2015.07.13"]
[Round "1.37"]
[White "Perez Cuadrado, Eduardo"]
[Black "Lopez Oliva, Victor"]
[Result "1-0"]
[WhiteElo "1960"]
[BlackElo "1753"]
[PlyCount "115"]
[EventDate "2015.07.13"]
[EventType "swiss"]
[EventRounds "9"]
[EventCountry "ESP"]
[SourceTitle "Ajedrez en Madrid"]
[Source "lmi"]
[SourceDate "2015.07.13"]
[SourceVersion "1"]
[SourceVersionDate "2019.06.21"]
[SourceQuality "1"]

1. Nf3 d5 2. d4 c5 3. e3 e6 4. c4 Nf6 5. Nc3 Nbd7 6. Be2 b6 7. cxd5 exd5 8. O-O
Bb7 9. Qc2 Bd6 10. Rd1 O-O 11. b3 Rc8 12. dxc5 bxc5 13. Bb2 Nb6 14. Rd2 Qe7 15.
Rad1 Rfd8 16. Nb5 Ne4 17. Nxd6 Rxd6 18. Rd3 Ba6 19. Rc3 Nxc3 20. Qxc3 d4 21.
Qc2 Bxe2 22. Qxe2 Rcd8 23. Rd3 Nd5 24. Rd2 Nb4 25. exd4 Qxe2 26. Rxe2 cxd4 27.
Bxd4 Nc6 28. Bc5 Rd1+ 29. Ne1 Nd4 30. Bxd4 R1xd4 31. f3 Rd2 32. Kf2 Rxe2+ 33.
Kxe2 Kf8 34. Nd3 Ke7 35. Ke3 Kf6 36. b4 a6 37. Nc5 Ra8 38. Kd4 Ke7 39. Kd5 Kd8
40. Kc6 Kc8 41. a3 a5 42. b5 Rb8 43. b6 Kd8 44. b7 Ke7 45. Na6 Rd8 46. b8=Q
Rxb8 47. Nxb8 Kd8 48. Kb5 Kc8 49. Na6 Kb7 50. Nc5+ Ka7 51. Kxa5 Kb8 52. Kb6 Kc8
53. a4 Kb8 54. a5 f5 55. a6 g5 56. a7+ Ka8 57. Na6 g4 58. Nc7# 1-0

[Event "17. Obert Int. Sant Marti 2015 - B"]
[Site "Barcelona ESP"]
[Date "2015.07.13"]
[Round "1.38"]
[White "Porta Chicote, David"]
[Black "Canela Gimenez, M|_ Concepción"]
[Result "1/2-1/2"]
[WhiteElo "1753"]
[BlackElo "1959"]
[PlyCount "139"]
[EventDate "2015.07.13"]
[EventType "swiss"]
[EventRounds "9"]
[EventCountry "ESP"]
[SourceTitle "Ajedrez en Madrid"]
[Source "lmi"]
[SourceDate "2015.07.13"]
[SourceVersion "1"]
[SourceVersionDate "2019.06.21"]
[SourceQuality "1"]

1. d4 c5 2. Nf3 cxd4 3. Nxd4 Nc6 4. e3 Nf6 5. Nc3 g6 6. b3 Bg7 7. Bb2 O-O 8.
Be2 d6 9. Nxc6 bxc6 10. Qd3 Bf5 11. Qc4 Bxc2 12. Rc1 Bf5 13. O-O Bd7 14. Bf3
Rc8 15. Ne2 c5 16. Rfd1 Qb6 17. Nf4 Bc6 18. Bxf6 Bxf6 19. Nd5 Bxd5 20. Qxd5 Qa5
21. a4 Rfd8 22. Qc4 Qb4 23. h4 Qxc4 24. Rxc4 Rb8 25. Rd3 Rb6 26. h5 Rdb8 27.
hxg6 hxg6 28. Bd1 Rb4 29. g3 R4b6 30. Kg2 e6 31. f4 Be7 32. e4 Rb4 33. Kf3 Kg7
34. Rdc3 Bf6 35. e5 dxe5 36. Rxb4 cxb4 37. Rc4 exf4 38. gxf4 Bd8 39. Rc5 Bb6
40. Rb5 Bc7 41. Rc5 Bd6 42. Ra5 Rb7 43. Be2 Rc7 44. Bc4 Kf6 45. Ke4 Ke7 46. Rb5
f6 47. Ra5 e5 48. fxe5 Bxe5 49. Ra6 Bc3 50. Re6+ Kf8 51. Rd6 Re7+ 52. Kd5 g5
53. Kc6 g4 54. Rd3 Kg7 55. Kd6 Re8 56. Be6 Rd8+ 57. Bd7 f5 58. Ke7 Bf6+ 59. Kd6
f4 60. Kc5 Be7+ 61. Kb5 Kf6 62. Ka6 Bc5 63. Kb5 Be7 64. Kc4 Kg5 65. Rd5+ Kh4
66. Kd3 Kg3 67. Ke2 Kg2 68. Bxg4 Rxd5 69. Bf3+ Kg3 70. Bxd5 1/2-1/2

[Event "17. Obert Int. Sant Marti 2015 - B"]
[Site "Barcelona ESP"]
[Date "2015.07.13"]
[Round "1.39"]
[White "Llige Porta, Joan"]
[Black "Martin Valentin, Manuel"]
[Result "1-0"]
[WhiteElo "1959"]
[BlackElo "1750"]
[PlyCount "85"]
[EventDate "2015.07.13"]
[EventType "swiss"]
[EventRounds "9"]
[EventCountry "ESP"]
[SourceTitle "Ajedrez en Madrid"]
[Source "lmi"]
[SourceDate "2015.07.13"]
[SourceVersion "1"]
[SourceVersionDate "2019.06.21"]
[SourceQuality "1"]

1. d4 Nf6 2. Nf3 g6 3. Bf4 d5 4. e3 Bg7 5. Bd3 b6 6. O-O O-O 7. c3 Bb7 8. h3
Nbd7 9. Nbd2 c5 10. dxc5 Nxc5 11. Nb3 Rc8 12. Be2 Nfe4 13. Bh2 e6 14. Nxc5 bxc5
15. Qb3 Qb6 16. Qxb6 axb6 17. Ne5 Rfd8 18. f3 Bxe5 19. Bxe5 Nd6 20. Rfd1 c4 21.
Bxd6 Rxd6 22. e4 f6 23. exd5 exd5 24. Kf2 Rcd8 25. Rd4 Re6 26. Bxc4 Rde8 27.
Rxd5 Bxd5 28. Bxd5 Kf8 29. Bxe6 Rxe6 30. Re1 Ke7 31. Rxe6+ Kxe6 32. Ke3 Kd5 33.
Kd3 b5 34. a3 f5 35. f4 h6 36. h4 Kc5 37. b3 Kd5 38. b4 h5 39. g3 Kc6 40. Kd4
Kd6 41. c4 bxc4 42. Kxc4 Kc6 43. b5+ 1-0

[Event "17. Obert Int. Sant Marti 2015 - B"]
[Site "Barcelona ESP"]
[Date "2015.07.13"]
[Round "1.40"]
[White "Cassi Gimeno, Jordi"]
[Black "Pera Muntasell, Marc"]
[Result "0-1"]
[WhiteElo "1747"]
[BlackElo "1958"]
[PlyCount "72"]
[EventDate "2015.07.13"]
[EventType "swiss"]
[EventRounds "9"]
[EventCountry "ESP"]
[SourceTitle "Ajedrez en Madrid"]
[Source "lmi"]
[SourceDate "2015.07.13"]
[SourceVersion "1"]
[SourceVersionDate "2019.06.21"]
[SourceQuality "1"]

1. e4 c5 2. Nf3 d6 3. d4 cxd4 4. Nxd4 Nf6 5. f3 e6 6. c4 Be7 7. Nc3 O-O 8. Be3
Nc6 9. Be2 a6 10. O-O Bd7 11. b3 Nxd4 12. Qxd4 Bc6 13. Rfd1 Qd7 14. e5 Ne8 15.
Qg4 Qc7 16. exd6 Nxd6 17. Bf4 Qb6+ 18. Kf1 Nf5 19. Rd3 Rfd8 20. Rad1 Rxd3 21.
Rxd3 Rd8 22. Nd1 Qa5 23. a4 b5 24. Bd2 Qb6 25. a5 Qc5 26. b4 Qa7 27. c5 Rxd3
28. Bxd3 Qd7 29. Ke2 Bd5 30. Ne3 Nxe3 31. Bxe3 Bf6 32. h4 Qc7 33. h5 Qe5 34. f4
Qb2+ 35. Bd2 Bc3 36. Bxh7+ Kxh7 0-1

[Event "17. Obert Int. Sant Marti 2015 - B"]
[Site "Barcelona ESP"]
[Date "2015.07.13"]
[Round "1.41"]
[White "Roche Peris, Eduard"]
[Black "Bes Alvarez, Alex"]
[Result "0-1"]
[WhiteElo "1958"]
[BlackElo "1743"]
[PlyCount "102"]
[EventDate "2015.07.13"]
[EventType "swiss"]
[EventRounds "9"]
[EventCountry "ESP"]
[SourceTitle "Ajedrez en Madrid"]
[Source "lmi"]
[SourceDate "2015.07.13"]
[SourceVersion "1"]
[SourceVersionDate "2019.06.21"]
[SourceQuality "1"]

1. e4 c5 2. Nf3 d6 3. d4 cxd4 4. c3 Nf6 5. e5 dxe5 6. Nxe5 g6 7. Bc4 e6 8. Bg5
Bg7 9. Bb5+ Nbd7 10. Qxd4 O-O 11. Bxd7 Bxd7 12. Qh4 Bb5 13. c4 Ba6 14. Ng4 Qa5+
15. Bd2 Qf5 16. Nh6+ Bxh6 17. Bxh6 Rfc8 18. O-O Rxc4 19. Qg5 Ng4 20. Qxf5 exf5
21. Bd2 Rc2 22. Re1 Rxb2 23. h3 Bd3 24. hxg4 Bxb1 25. Bc3 Rc2 26. Raxb1 Rxc3
27. Rxb7 fxg4 28. Ree7 Rf8 29. Rxa7 g3 30. fxg3 Rxg3 31. a4 Ra3 32. a5 h5 33.
Kh2 Kg7 34. a6 Kh6 35. Red7 f5 36. Rd6 Kg5 37. Rc7 Rf6 38. Rxf6 Kxf6 39. a7 Kg5
40. Rg7 h4 41. Rd7 Kg4 42. Rg7 g5 43. Rd7 f4 44. Rc7 h3 45. gxh3+ Rxh3+ 46. Kg2
Ra3 47. Rg7 Ra2+ 48. Kg1 Kh4 49. Rh7+ Kg3 50. Kf1 f3 51. Re7 Ra1+ 0-1

[Event "17. Obert Int. Sant Marti 2015 - B"]
[Site "Barcelona ESP"]
[Date "2015.07.13"]
[Round "1.42"]
[White "Molina Tabernero, Jordi"]
[Black "Serra Vilaro, Agusti"]
[Result "0-1"]
[WhiteElo "1729"]
[BlackElo "1953"]
[PlyCount "66"]
[EventDate "2015.07.13"]
[EventType "swiss"]
[EventRounds "9"]
[EventCountry "ESP"]
[SourceTitle "Ajedrez en Madrid"]
[Source "lmi"]
[SourceDate "2015.07.13"]
[SourceVersion "1"]
[SourceVersionDate "2019.06.21"]
[SourceQuality "1"]

1. d4 e6 2. Nc3 b6 3. Nf3 Bb7 4. e4 d6 5. Bd3 Be7 6. Bf4 Nd7 7. e5 d5 8. Qd2 a6
9. O-O-O c5 10. b3 Rc8 11. Rde1 cxd4 12. Nxd4 Bb4 13. Qe3 Bxc3 14. Re2 Qe7 15.
Bb5 Qa3+ 16. Kd1 Qb2 17. Bxd7+ Kxd7 18. Nf3 h6 19. Qxb6 Bc6 20. Qc5 Ne7 21.
Qa7+ Rc7 22. Qc5 Rhc8 23. Ng5 Qa1+ 24. Bc1 hxg5 25. Re3 Bxe5 26. Rxe5 Qxe5 27.
Ba3 Ke8 28. Re1 Qa1+ 29. Ke2 Bb5+ 30. Qxb5+ axb5 31. Rxa1 Rxc2+ 32. Kf3 f5 33.
Bb4 Nc6 0-1

[Event "17. Obert Int. Sant Marti 2015 - B"]
[Site "Barcelona ESP"]
[Date "2015.07.13"]
[Round "1.43"]
[White "Willen, Ronny"]
[Black "Cassi De La Viuda, Àlex"]
[Result "1-0"]
[WhiteElo "1950"]
[BlackElo "1727"]
[PlyCount "69"]
[EventDate "2015.07.13"]
[EventType "swiss"]
[EventRounds "9"]
[EventCountry "ESP"]
[SourceTitle "Ajedrez en Madrid"]
[Source "lmi"]
[SourceDate "2015.07.13"]
[SourceVersion "1"]
[SourceVersionDate "2019.06.21"]
[SourceQuality "1"]

1. e4 c5 2. Nc3 a6 3. a4 Nc6 4. g3 Nf6 5. Bg2 d6 6. d3 h6 7. h3 e5 8. Nge2 Be6
9. f4 g6 10. O-O Qc8 11. Kh2 Be7 12. Nd5 Bd8 13. fxe5 Bxd5 14. exf6 Be6 15. Nc3
Ne5 16. Qe2 g5 17. Bd2 c4 18. d4 Ng6 19. a5 Bc7 20. Nd5 Kd8 21. Qxc4 Re8 22.
Qd3 Qd7 23. c4 Bxd5 24. exd5 b5 25. cxb5 Qxb5 26. Qxb5 axb5 27. Bf3 Bb8 28. a6
Ba7 29. Bg4 Bb6 30. Ba5 Bxa5 31. Rxa5 Re4 32. Rd1 Re3 33. Rxb5 Rxa6 34. Rc1 Rd3
35. Rb8# 1-0